Statistics for One Piece Devil Fruits

Click here to take the quiz!

General Stats

  • This quiz has been taken 340 times
    (182 since last reset)
  • The average score is 69 of 140

Answer Stats

HintAnswer% Correct
LuffyHito Hito no Mi, Model: Nika
96%
BuggyBara Bara no Mi
87%
Borsalino (Kuzan)Pika Pika no Mi
85%
ChopperHito Hito no Mi
83%
OnimaruHito Hito no Mi, Model: Onyudo
83%
Kuzan (Aokiji)Hie Hie no Mi
82%
Sakazuki (Akainu)Magu Magu no Mi
82%
CrocodileSuna Suna no Mi
82%
Ace/SaboMera Mera no Mi
81%
Boa HancockMero Mero no Mi
81%
BlackbeardYami Yami no Mi
81%
Trafalgar LawOpe Ope no Mi
80%
SmokerMoku Moku no Mi
79%
Rob LucciNeko Neko no Mi, Model: Leopard
79%
EnelGoro Goro no Mi
78%
KaidoUo Uo no Mi, Model: Seiryu
78%
SengokuHito Hito no Mi, Model: Daibutsu
77%
DoflamingoIto Ito no Mi
76%
MarcoTori Tori no Mi, Model Phoenix
76%
Nico RobinHana Hana no Mi
75%
Big MomSoru Soru no Mi
75%
Gecko MoriaKage Kage no Mi
74%
KumaNikyu Nikyu no Mi
73%
Galdino (Mr 3)Doru Doru no Mi
71%
YamatoInu Inu no Mi, Model: Okuchi no Makami
71%
JabraInu Inu no Mi, Model: Wolf
71%
PeronaHoro Horo no Mi
70%
FoxyNoro Noro no Mi
70%
Eustass KidJiki Jiki no Mi
69%
KatakuriMochi Mochi no Mi
69%
BrookYomi Yomi no Mi
69%
BellamyBane Bane no mi
68%
MagellanDoku Doku no Mi
68%
PellTori Tori no Mi, Model: Falcon
68%
KakuUshi Ushi no Mi, Model: Giraffe
68%
Issho (Fujitora)Zushi Zushi no Mi
68%
WhitebeardGura Gura no Mi
66%
Mikita (Miss Valentine)Kiro Kiro no Mi
65%
WapolBaku Baku no Mi
64%
BartolomeoBari Bari no Mi
64%
AlvidaSube Sube no Mi
64%
Gem (Mr 5)Bomu Bomu no Mi
62%
CaesarGasu Gasu no Mi
62%
Boa SandersoniaHebi Hebi no Mi, Model: Anaconda
62%
Boa MarigoldHebi Hebi no Mi, Model: King Cobra
62%
ChakaInu Inu no Mi, Model: Jackal
60%
KingRyu Ryu no Mi, Model: Pteranodon
60%
BluenoDoa Doa no Mi
59%
Catarina DevonInu Inu no Mi, Model: Kyubi
59%
X DrakeRyu Ryu no Mi, Model: Allosaurus
59%
RosinanteNagi Nagi no Mi
58%
JozuKira Kira no Mi
57%
QueenRyu Ryu no Mi, Model: Brachiosaurus
57%
UltiRyu Ryu no Mi, Model: Pachycephalosaurus
57%
Page OneRyu Ryu no Mi, Model: Spinosaurus
57%
LassooInu Inu no Mi, Model: Dachshund
56%
Who's-WhoNeko Neko no Mi, Model: Sabertooth
56%
SasakiRyu Ryu no Mi, Model: Triceratops
56%
Senor PinkSui Sui no Mi
56%
Zala (Miss Double Finger)Toge Toge no Mi
56%
Big News MorgansTori Tori no Mi, Model: Albatross
56%
MonetYuki Yuki no Mi
56%
KalifaAwa Awa no Mi
54%
Baby 5Buki Buki no Mi
53%
Emporio IvankovHoru Horu no Mi
53%
FunkfreedZou Zou no Mi
53%
BuffaloGuru Guru no Mi
51%
SugarHobi Hobi no Mi
51%
PicaIshi Ishi no Mi
51%
Scratchmen ApooOto Oto no Mi
51%
Capone BegeShiro Shiro no Mi
51%
Bentham (Mr 2)Mane Mane no Mi
50%
UtaUta Uta no Mi
50%
Jack the DraughtZou Zou no Mi, Model: Mammoth
48%
BrûléeMira Mira no Mi
47%
AbsalomSuke Suke no Mi
47%
DaltonUshi Ushi no Mi, Model: Bison
46%
Charlotte CrackerBisu Bisu no Mi
45%
PuddingMemo Memo no Mi
45%
Daz Bonez ( Mr 1)Supa Supa no Mi
45%
Charlotte OvenNetsu Netsu no Mi
44%
VegapunkNomi Nomi no Mi
44%
CaribouNuma Numa no Mi
44%
Drophy (Miss Merry Christmas)Mogu Mogu no Mi
43%
Kelly FunkJake Jake no Mi
42%
TokiToki Toki no Mi
41%
MachviseTon Ton no Mi
41%
Basil HawkinsWara Wara no Mi
40%
Kin'emonFuku Fuku no Mi
39%
Aramaki (Green Bull)Mori Mori no Mi
39%
Black MariaKumo Kumo no Mi, Model: Rosamygale Grauvogeli
38%
PerosperoPero Pero no Mi
38%
PierreUma Uma no Mi
38%
InazumaChoki Choki no Mi
37%
Jesus BurgessRiki Riki no Mi
37%
ShikiFuwa Fuwa no Mi
35%
OrochiHebi Hebi no Mi, Model: Yamata no Orochi
35%
GiollaAto Ato no Mi
34%
Vander Decken IXMato Mato no Mi
34%
MansherryChiyu Chiyu no Mi
33%
DiamanteHira Hira no Mi
33%
Baron TamagoTama Tama no Mi
33%
ShuSabi Sabi no Mi
32%
SmileySara Sara no Mi, Model: Axolotl
32%
Charlotte Mont-d'OrBuku Buku no Mi
31%
PekomsKame Kame no Mi
31%
StreusenKuku Kuku no Mi
31%
Charlotte OperaKuri Kuri no Mi
31%
TsuruWoshu Woshu no Mi
31%
Van AugerWapu Wapu no Mi
30%
Very GoodBeri Beri no Mi
29%
TrebolBeta Beta no Mi
28%
HinaOri Ori no Mi
27%
Doc QShiku Shiku no Mi
27%
Sanjuan WolfDeka Deka no Mi
26%
ViolaGiro Giro no Mi
26%
KabuMushi Mushi no Mi, Model: Kabutomushi
26%
GladiusPamu Pamu no Mi
26%
BunbukuInu Inu no Mi, Model: Tanuki
25%
BianMushi Mushi no Mi, Model: Suzumebachi
25%
SharinguruShari Shari no Mi
25%
Charlotte SmoothieShibo Shibo no Mi
25%
RaizoMaki Maki no Mi
24%
LeoNui Nui no Mi
23%
Avalo PizarroShima Shima no Mi
23%
StrongerUma Uma no Mi, Model: Pegasus
22%
Belo BettyKobu Kobu no Mi
21%
KarasuSusu Susu no Mi
21%
Charlotte GaletteBata Bata no Mi
20%
KanjuroFude Fude no Mi
20%
Vasco ShotGabu Gabu no Mi
20%
Prince GrusGunyo Gunyo no Mi
20%
ShinobuJuku Juku no Mi
20%
MorleyOshi Oshi no Mi
20%
BlamencoPoke Poke no Mi
20%
Charlotte DaifukuHoya Hoya no Mi
19%
Charlotte NewshiGocha Gocha no Mi
18%
OtamaKibi Kibi no Mi
18%
KuchakuMuchi Muchi no Mi
16%
BluegrassNori Nori no Mi
16%

Score Distribution

Percentile by Number Answered

Percent of People with Each Score

Your Score History

You have not taken this quiz since the last reset